000 00555nam a2200193Ia 4500
003 GCL
008 140319s9999 xx 000 0 ara d
040 _aGCL /
_cGCL
082 0 4 _aط
_b338.27287
_bس ق
100 1 _aسيديل.و
245 1 0 _aقصة النفط /
_cسيديل.و
700 1 _aمحمد خير زعيتر (مترجم)
260 _a[S.N] :
_bمكتبة لبنان ،
_c1980
490 _aالانجازات الحضارية
_v0
650 0 4 _aالاطفال
650 0 4 _aالبترول
650 0 4 _aالعلوم
942 _2ddc
_cBK
999 _c56862
_d56862